[Event "ALG-chT"]
[Site "Ain Oulmane"]
[Date "2019.11.02"]
[Round "3.1"]
[White "Bekker Jensen, David"]
[Black "Barama, Nail"]
[Result "1-0"]
[WhiteElo "2186"]
[BlackElo "1502"]
[PlyCount "71"]
[EventDate "2019.11.01"]
[EventType "team-swiss"]
[EventRounds "9"]
[EventCountry "ALG"]
[SourceTitle "EXT 2021"]
[Source "ChessBase"]
[SourceDate "2020.10.23"]
[SourceVersion "1"]
[SourceVersionDate "2020.10.23"]
[SourceQuality "1"]
[WhiteTeam "Constantine ASE"]
[BlackTeam "Constantine CEA"]
[WhiteTeamCountry "ALG"]
[BlackTeamCountry "ALG"]

1. d4 d5 2. c4 e6 3. Nc3 Nf6 4. cxd5 exd5 5. Bg5 Be7 6. e3 0-0 7. Bd3 Nbd7 8. Qc2 Re8 9. Nf3 c6 10. 0-0 h6 11. Bf4 Nf8 12. h3 Bd6 13. Ne5 Qc7 14. Rac1 a6 15. Bh2 Qe7 16. Rce1 N8d7 17. f4 Bb4 18. e4 dxe4 19. Bxe4 Qd6 20. Rd1 Bxc3 21. bxc3 Qe7 22. Rfe1 Nxe5 23. fxe5 Be6 24. c4 Red8 25. d5 Qc5+ 26. Qf2 Qxf2+ 27. Kxf2 cxd5 28. cxd5 Bd7 29. Rc1 b5 30. Rc7 Rdc8 31. e6 fxe6 32. dxe6 Bxe6 33. Bxa8 Rxa8 34. Be5 Bf7 35. Rec1 Kh7 36. Rxf7 1-0

[Event "Tipaza U2200 op"]
[Site "Tipaza"]
[Date "2019.05.01"]
[Round "2"]
[White "Barama, Nail"]
[Black "Rahmani, Mourad1111"]
[Result "0-1"]
[WhiteElo "1453"]
[BlackElo "1978"]
[PlyCount "106"]
[EventDate "2019.05.01"]
[EventType "swiss"]
[EventRounds "9"]
[EventCountry "ALG"]
[SourceTitle "CBM 190 Extra"]
[Source "ChessBase"]
[SourceDate "2019.07.15"]
[SourceVersion "1"]
[SourceVersionDate "2019.07.15"]
[SourceQuality "1"]

1. e4 c5 2. Nf3 e6 3. d4 cxd4 4. Nxd4 a6 5. g3 Qc7 6. Bg2 b5 7. 0-0 Bb7 8. Be3 Nf6 9. Nd2 Be7 10. Rc1 0-0 11. c4 b4 12. b3 Nc6 13. h3 d6 14. Qc2 Nd7 15. N2f3 Nc5 16. Nxc6 Bxc6 17. Nd4 Bb7 18. Rfd1 Rfd8 19. Bd2 Qb6 20. Be3 Rab8 21. Qe2 Qc7 22. Bd2 Qb6 23. Nc2 a5 24. Nd4 Rbc8 25. Kh2 Bf6 26. Nc2 Qa7 27. f4 Qa8 28. Re1 g6 29. g4 Bh4 30. Rf1 Bxe4 31. Bxe4 Nxe4 32. Be1 Bf6 33. g5 Bb2 34. Rb1 Nc3 35. Bxc3 Bxc3 36. h4 d5 37. Rbd1 dxc4 38. bxc4 Rxd1 39. Rxd1 a4 40. h5 b3 41. hxg6 hxg6 42. axb3 axb3 43. Nd4 Qa2 44. Qxa2 bxa2 45. Nb3 Rxc4 46. Rc1 Rb4 47. Na1 Bd2 48. Rc2 Bxf4+ 49. Kg2 Ra4 50. Kf2 Bxg5 51. Ke2 Bf6 52. Rc1 Bxa1 53. Rxa1 Kg7 0-1